| 000 | 01437cam a22003734a 4500 | ||
|---|---|---|---|
| 001 | 14220063 | ||
| 003 | USPCAS-E | ||
| 005 | 20180118181413.0 | ||
| 008 | 060105s2006 njua b 001 0 eng | ||
| 010 | _a 2006040510 | ||
| 015 |
_aGBA673059 _2bnb |
||
| 016 | 7 |
_a013537967 _2Uk |
|
| 020 | _a0471677639 (cloth) | ||
| 020 | _a9780471677635 (cloth) | ||
| 035 | _a(OCoLC)ocm62878730 | ||
| 040 |
_aDLC _cDLC _dBAKER _dC#P _dUKM _dYDXCP _dCOO _dOCLCQ _dYUS _dBTCTA _dDLC |
||
| 042 | _apcc | ||
| 050 | 0 | 0 |
_aTJ265 _b.B425 2006 |
| 082 | 0 | 0 |
_a621.4021 _222 _bBEJ-A 2006 |
| 100 | 1 |
_aBejan, Adrian, _d1948- |
|
| 245 | 1 | 0 |
_aAdvanced engineering thermodynamics / _cAdrian Bejan. |
| 250 | _a3rd ed. | ||
| 260 |
_aHoboken, N.J. : _bJohn Wiley & Sons, _cc2006. |
||
| 300 |
_axl, 880 p. : _bill. ; _c25 cm. |
||
| 502 | _a0 | ||
| 504 | _aIncludes bibliographical references and indexes. | ||
| 650 | 0 | _aThermodynamics. | |
| 856 | 4 | 2 |
_3Contributor biographical information _uhttp://www.loc.gov/catdir/enhancements/fy0826/2006040510-b.html |
| 856 | 4 | 2 |
_3Publisher description _uhttp://www.loc.gov/catdir/enhancements/fy0826/2006040510-d.html |
| 856 | 4 | 1 |
_3Table of contents only _uhttp://www.loc.gov/catdir/enhancements/fy0826/2006040510-t.html |
| 906 |
_a7 _bcbc _corignew _d1 _eocip _f20 _gy-gencatlg |
||
| 942 |
_2ddc _cBK |
||
| 999 |
_c355779 _d355779 |
||